000 01324cam a2200337 i 4500
001 17367849
003 EG-ScBUE
005 20241008111455.0
008 120629t2013 maua f b 001 0 eng d
020 _a9780123846549
040 _aDLC
_beng
_erda
_cDLC
_dEG-ScBUE
082 0 4 _a515.02453
_bARF
_222
100 1 _aArfken, George B.
_q(George Brown),
_d1922-
_eauthor.
_938790
245 1 0 _aMathematical methods for physicists :
_ba comprehensive guide /
_cGeorge B. Arfken, Miami University, Oxford, OH, Hans J. Weber, University of Virginia, Charlottesville, VA, Frank E. Harris, University of Utah, Salt Lake City, UT and University of Florida, Gainesville, FL..
250 _aSeventh edition.
264 1 _aWaltham ;
_aOxford :
_bAcademic Press / Elsevier,
_c[2013]
264 4 _cc2013
300 _axiii, 1205 pages :
_billustrations ;
_c25 cm
336 _2rdacontent
_atext
_btxt
337 _2rdamedia
_aunmediated
_bn
338 _2rdacarrier
_avolume
_bnc
504 _aIncludes bibliographical references and index.
650 7 _aMathematics.
_2BUEsh
_92018
650 7 _aMathematical physics.
_2BUEsh
_96575
651 _2BUEsh
653 _bENGGEN
_cJuly2015
_cNovember2015
655 _vReading book
700 1 _aWeber, Hans-Jurgen,
_eauthor.
700 1 _aHarris, Frank E.,
_eauthor.
942 _2ddc
_cBB
999 _c20217
_d20189